[Event "Sautron op 19th"]
[Site "Sautron"]
[Date "2019.10.19"]
[Round "7.20"]
[White "Boulart, Emilie"]
[Black "Fretel, Didier"]
[Result "0-1"]
[WhiteElo "1793"]
[BlackElo "1653"]
[PlyCount "46"]
[EventDate "2019.12.10"]
[EventType "swiss"]
[EventRounds "9"]
[EventCountry "FRA"]
[SourceTitle "EXT 2022"]
[Source "ChessBase"]
[SourceDate "2021.10.06"]
[SourceVersion "1"]
[SourceVersionDate "2021.10.06"]
[SourceQuality "1"]

1. e4 c5 2. c3 Nc6 3. Nf3 g6 4. d4 cxd4 5. cxd4 Bg7 6. Nc3 d6 7. Be2 Nf6 8. 0-0 0-0 9. h3 a6 10. Bg5 h6 11. Be3 b5 12. Bd3 Bb7 13. Qd2 Kh7 14. b3 Rc8 15. Rac1 e6 16. Rfd1 Qe7 17. a4 b4 18. Ne2 e5 19. Ng3 Rfd8 20. h4 Ng4 21. h5 Nxe3 22. hxg6+ fxg6 23. Qxe3 h5 0-1

[Event "FRA-ch op-C"]
[Site "Saint Quentin"]
[Date "2015.??.??"]
[Round "2"]
[White "Fretel, Didier"]
[Black "Damotte, Quentin"]
[Result "0-1"]
[WhiteElo "1739"]
[BlackElo "1821"]
[PlyCount "82"]
[EventDate "2015.08.09"]
[EventType "swiss"]
[EventRounds "11"]
[EventCountry "FRA"]
[SourceTitle "EXT 2016"]
[Source "ChessBase"]
[SourceDate "2015.10.08"]
[SourceVersion "1"]
[SourceVersionDate "2015.10.08"]
[SourceQuality "1"]

1. d4 d5 2. c4 e5 3. dxe5 d4 4. Nf3 Nc6 5. e3 Bb4+ 6. Bd2 dxe3 7. fxe3 Bg4 8. Be2 Bxf3 9. Bxf3 Bxd2+ 10. Nxd2 Nge7 11. Bxc6+ Nxc6 12. Nf3 Qe7 13. Qa4 Qb4+ 14. Qxb4 Nxb4 15. Ke2 0-0 16. Rhd1 Rfd8 17. Rxd8+ Rxd8 18. a3 Nc6 19. b4 Kf8 20. b5 Na5 21. Rc1 b6 22. Rc3 Nb7 23. Rd3 Rxd3 24. Kxd3 Nc5+ 25. Kd4 a6 26. Kd5 axb5 27. cxb5 Ke7 28. Kc6 Ne6 29. Nd4 Kd8 30. Nf5 Nc5 31. Nxg7 Kc8 32. Ne8 Nd3 33. Kd5 Ne1 34. Nf6 Nxg2 35. Nxh7 Nxe3+ 36. Kc6 Nc4 37. Ng5 Nxe5+ 38. Kd5 Ng4 39. h4 Nh6 40. Kc6 Nf5 41. h5 Ne7# 0-1

[Event "Sautron op 13th"]
[Site "Sautron"]
[Date "2013.10.??"]
[Round "4"]
[White "Bihari, Pascal"]
[Black "Fretel, Didier"]
[Result "1-0"]
[WhiteElo "1846"]
[BlackElo "1743"]
[PlyCount "41"]
[EventDate "2013.10.26"]
[EventType "swiss"]
[EventRounds "9"]
[EventCountry "FRA"]
[SourceTitle "EXT 2016"]
[Source "ChessBase"]
[SourceDate "2015.10.08"]
[SourceVersion "1"]
[SourceVersionDate "2015.10.08"]
[SourceQuality "1"]

1. e4 b6 2. Nf3 Bb7 3. Nc3 e6 4. Be2 Bb4 5. d3 Nf6 6. Bg5 h6 7. Bh4 Be7 8. Bg3 Nh5 9. 0-0 Nxg3 10. fxg3 0-0 11. Ne5 Bf6 12. Ng4 Bd4+ 13. Kh1 Qg5 14. h4 Qc5 15. Qd2 Kh7 16. Na4 Qd6 17. Nc3 Be5 18. Nxe5 Qxe5 19. Qe3 Bc6 20. d4 Qxe4 21. Bd3 1-0

[Event "Cholet-B"]
[Site "Cholet"]
[Date "2012.02.20"]
[Round "3"]
[White "Le Pen, Steven"]
[Black "Fretel, Didier"]
[Result "1-0"]
[WhiteElo "1831"]
[BlackElo "1800"]
[PlyCount "135"]
[EventDate "2012.02.18"]
[EventType "tourn"]
[EventRounds "9"]
[EventCountry "FRA"]
[SourceTitle "EXT 2013"]
[Source "ChessBase"]
[SourceDate "2012.11.22"]
[SourceVersion "1"]
[SourceVersionDate "2012.11.22"]
[SourceQuality "1"]

1. e4 c5 2. Nf3 d6 3. d4 cxd4 4. Nxd4 Nf6 5. Nc3 Nc6 6. Bc4 e6 7. Bb3 a6 8. a4 Be7 9. 0-0 0-0 10. f4 Qc7 11. Kh1 Rd8 12. Be3 Na5 13. Qe2 Nxb3 14. Nxb3 Bd7 15. a5 Rdc8 16. Rfd1 Qc4 17. Qd3 Qxd3 18. cxd3 Ne8 19. Nd2 Nc7 20. Nc4 Re8 21. Nb6 Rad8 22. Nxd7 Rxd7 23. Na4 Nb5 24. Rac1 Rc7 25. Rxc7 Nxc7 26. Rc1 Nb5 27. Nb6 Bf6 28. Rc2 g6 29. g4 Kg7 30. Kg2 Bh4 31. Kf1 Bf6 32. h3 Kf8 33. Rf2 Bh4 34. Rc2 Bf6 35. Kg2 Bh4 36. Kf1 Bf6 37. Nd7+ Ke7 38. Nxf6 Kxf6 39. Kf2 Ke7 40. Kf3 Kd7 41. Bb6 f5 42. gxf5 exf5 43. h4 Ke6 44. h5 fxe4+ 45. dxe4 gxh5 46. Rh2 Rg8 47. Rxh5 Rg7 48. Rh6+ Kd7 49. f5 Rf7 50. Kf4 Ke7 51. e5 dxe5+ 52. Kxe5 Kf8 53. Bc5+ Kg7 54. Rh2 Nc7 55. Rg2+ Kh6 56. Be3+ Kh5 57. f6 Ne8 58. Rh2+ Kg4 59. Rf2 h5 60. Ke6 Rxf6+ 61. Rxf6 Nxf6 62. Kxf6 h4 63. Bc5 Kf4 64. Ke6 Ke4 65. Bg1 Kd3 66. Kd5 Kc2 67. Kc5 Kxb2 68. Kb6 1-0

[Event "Rohde op 08th"]
[Site "Sautron"]
[Date "2008.10.27"]
[Round "3"]
[White "Wickstrom, Lucas"]
[Black "Fretel, Didier"]
[Result "1-0"]
[WhiteElo "2183"]
[BlackElo "1746"]
[PlyCount "155"]
[EventDate "2008.10.25"]
[EventType "swiss"]
[EventRounds "9"]
[EventCountry "FRA"]
[SourceTitle "EXT 2009"]
[Source "ChessBase"]
[SourceDate "2008.11.26"]
[SourceVersion "1"]
[SourceVersionDate "2008.11.26"]
[SourceQuality "1"]

1. d4 d5 2. c4 e6 3. Nc3 Nf6 4. Bg5 Be7 5. cxd5 exd5 6. e3 0-0 7. Bd3 h6 8. Bh4 c6 9. Qc2 Be6 10. Nge2 Nbd7 11. 0-0 Nh5 12. Bxe7 Qxe7 13. f3 Nb6 14. e4 dxe4 15. fxe4 Qg5 16. Qc1 Qxc1 17. Raxc1 Rad8 18. b3 Rfe8 19. h3 Nf6 20. Rf3 Re7 21. g4 Nh7 22. Rg3 Bc8 23. Rd1 Nf8 24. Kf2 Kh8 25. Bc2 Red7 26. h4 Ne6 27. Ke3 Re8 28. Nf4 Nxf4 29. Kxf4 Red8 30. Rgd3 g6 31. d5 cxd5 32. exd5 Kg7 33. d6 Re8 34. R3d2 Rdd8 35. Be4 Nd7 36. Bf3 Nc5 37. Nb5 Ne6+ 38. Kg3 a6 39. Nd4 Nc5 40. Kf4 Kf6 41. g5+ Kg7 42. b4 Ne6+ 43. Nxe6+ Bxe6 44. d7 hxg5+ 45. hxg5 Re7 46. Bxb7 Bc4 47. Bc8 f6 48. gxf6+ Kxf6 49. Rc1 Bb5 50. Bxa6 g5+ 51. Kg3 Bxa6 52. Rd6+ Kf7 53. Rxa6 Rexd7 54. Rf1+ Kg7 55. Rf3 Rd2 56. b5 Rb2 57. a4 Rdd2 58. Kg4 Rg2+ 59. Kh5 Rh2+ 60. Kxg5 Rbg2+ 61. Kf5 Rh5+ 62. Ke4 Rgg5 63. Rf4 Re5+ 64. Kd4 Rd5+ 65. Kc4 Rd1 66. Rd4 Rc1+ 67. Kb4 Kf7 68. Rd7+ Ke8 69. Rg7 Rh4+ 70. Ka5 Kf8 71. Rb7 Rc8 72. Raa7 Rh6 73. Rh7 Rxh7 74. Rxh7 Kg8 75. Ra7 Kf8 76. b6 Rc5+ 77. Kb4 Rc1 78. b7 1-0

[Event "Gorges op 18th"]
[Site "Gorges"]
[Date "2008.07.??"]
[Round "3"]
[White "Louf, Claude"]
[Black "Fretel, Didier"]
[Result "0-1"]
[WhiteElo "1550"]
[BlackElo "1778"]
[PlyCount "80"]
[EventDate "2008.07.??"]
[EventType "swiss"]
[EventRounds "7"]
[EventCountry "FRA"]
[SourceTitle "CBM 125 Extra"]
[Source "ChessBase"]
[SourceDate "2008.09.01"]
[SourceVersion "1"]
[SourceVersionDate "2008.09.01"]
[SourceQuality "1"]

1. e4 c5 2. b3 d6 3. Nc3 Nf6 4. Bb2 e6 5. Nf3 g6 6. Bb5+ Bd7 7. Bxd7+ Qxd7 8. e5 dxe5 9. Nxe5 Qd8 10. d3 Bg7 11. Ng4 Nd5 12. Qd2 Qa5 13. Nxd5 Qxd2+ 14. Kxd2 Bxb2 15. Nc7+ Kd7 16. Nxa8 Bxa1 17. Rxa1 Na6 18. c4 h5 19. Ne5+ Ke7 20. Nc7 Nxc7 21. Kc3 Rd8 22. Rd1 Kf6 23. Nf3 e5 24. Rd2 Kf5 25. g3 f6 26. Nh4+ Kg5 27. h3 f5 28. Nf3+ Kf6 29. h4 Re8 30. Ng5 Ne6 31. Nh7+ Kg7 32. Ng5 Nxg5 33. hxg5 f4 34. Re2 fxg3 35. fxg3 Re7 36. b4 b6 37. a3 Kf8 38. Rf2+ Rf7 39. Rf6 Rxf6 40. gxf6 Kf7 0-1

[Event "Gorges op 14th"]
[Site "Gorges"]
[Date "2004.07.08"]
[Round "6"]
[White "Emeriau, Guy"]
[Black "Fretel, Didier"]
[Result "0-1"]
[WhiteElo "1920"]
[BlackElo "1660"]
[PlyCount "80"]
[EventDate "2004.07.08"]
[EventType "swiss"]
[EventRounds "7"]
[EventCountry "FRA"]
[SourceTitle "EXT 2005"]
[Source "ChessBase"]
[SourceDate "2004.11.15"]
[SourceVersion "1"]
[SourceVersionDate "2004.11.15"]
[SourceQuality "1"]

1. e4 e5 2. Nf3 Nc6 3. Bb5 a6 4. Ba4 Nf6 5. 0-0 b5 6. Bb3 Nxe4 7. d4 d5 8. dxe5 Be6 9. Re1 Be7 10. Nbd2 Nc5 11. c3 d4 12. Bxe6 Nxe6 13. cxd4 Ncxd4 14. Nxd4 Qxd4 15. Qf3 0-0 16. Nb3 Qd7 17. Be3 c5 18. Rad1 Qc7 19. Qe4 Rad8 20. Rxd8 Rxd8 21. f4 c4 22. Nc1 Bb4 23. Rf1 Nc5 24. Qc2 Ne6 25. Ne2 Rd3 26. Bc1 Qc5+ 27. Kh1 Nd4 28. Nxd4 Qxd4 29. Qe2 Bd2 30. e6 Kf8 31. exf7 Kxf7 32. f5 Bxc1 33. Qe6+ Kf8 34. Qc8+ Qd8 35. Qc5+ Qd6 36. Qc8+ Kf7 37. Qb7+ Kf6 38. Qe4 Rd1 39. Qe2 Rxf1+ 40. Qxf1 Bxb2 0-1

[Event "Trignac L'Estuaire op 1st"]
[Site "Trignac"]
[Date "2001.02.16"]
[Round "8"]
[White "Brunner, Nicolas"]
[Black "Fretel, Didier"]
[Result "1-0"]
[WhiteElo "2166"]
[BlackElo "1720"]
[PlyCount "95"]
[EventDate "2001.02.10"]
[EventType "swiss"]
[EventRounds "9"]
[EventCountry "FRA"]
[SourceTitle "EXT 2020"]
[Source "ChessBase"]
[SourceDate "2019.10.17"]
[SourceVersion "1"]
[SourceVersionDate "2019.10.17"]
[SourceQuality "1"]

1. c4 e6 2. d4 d5 3. Nc3 Nf6 4. cxd5 exd5 5. Bg5 Be7 6. e3 0-0 7. Qc2 c6 8. Bd3 h6 9. Bh4 Nh5 10. Bxe7 Qxe7 11. Nge2 Re8 12. h3 Nd7 13. 0-0-0 Nb6 14. g4 Nf6 15. Rhg1 Ne4 16. Bxe4 dxe4 17. Ng3 Nd5 18. Ngxe4 Nb4 19. Qb1 f5 20. Nc5 fxg4 21. hxg4 Qh4 22. a3 Qxf2 23. axb4 Qxe3+ 24. Kc2 h5 25. Qc1 Bxg4 26. Qxe3 Rxe3 27. Rde1 Rf3 28. Rg2 b6 29. N5e4 Rd8 30. Rd1 Re3 31. Rd3 Re1 32. Kd2 Rf1 33. Ne2 Rdf8 34. N4g3 R1f7 35. Rh2 g6 36. Ne4 Bf5 37. Re3 Kg7 38. Nd6 Rf6 39. Ne8+ Kh6 40. Nxf6 Rxf6 41. Re7 g5 42. Ng3 Bg4 43. Ne4 Rg6 44. Rf2 Be6 45. Nf6 Bg8 46. Nxg8+ Rxg8 47. Rf6+ Rg6 48. Ree6 1-0